000 00449cam a2200181ua 4500
001 2357
008 110805n ii |||gr||||Z||||||eng
040 _cMAIN
082 _a370.92
100 1 _aRai, B. C.,
_eAuthor.
245 1 _aSome great western educators
_cby B. C. Rai
250 _a1st.
260 _aLucknow:
_bPrakashan Kendra,997.
300 _a246p:
_c23cm.
653 _aEducation
653 _aSome great western educators
942 _cBK
999 _c2215
_d2215